Top 3 [...] pro Kontinent (Part 1) - Statistiken

Allgemein
  • Dieses Quiz wurde 29 mal gespielt
  • Das Durchschnittsergebnis liegt bei 21 aus 100
Antwortstatistiken
Top 3 ... Antwort Hinweis % Korrekt
Höchster Berg Asiens Mount Everest 8848 m, Nepal / China
96%
Zweithöchster Berg Asiens K2 8611 m, Pakistan / China
92%
Längster Fluss Südamerikas Amazonas 6400 km
68%
Zweitlängster Fluss Europas Donau 2857 km
64%
Größte Wüste Asiens Gobi 2.350.000 km²
64%
Größte Insel Europas Großbritannien 216.777 km²
64%
Drittgrößte Insel Europas Irland 84.421 km²
64%
Größte Insel Afrikas Madagaskar 586.427 km²
64%
Längster Fluss Nord- und Mittelamerikas Mississippi 6051 km
64%
Größte Wüste Afrikas Sahara 9.000.000 km²
64%
Höchster Berg Europas Elbrus 5642 m, Russland
60%
Größte Wüste Nord- und Mittelamerikas Gröndländische Kaltwüste 21.155.086 km²
60%
Größte Insel Nord- und Mittelamerikas Grönland 2.130.800 km²
60%
Längster Fluss Europas Wolga 3530 km
60%
Höchster Berg Nord- und Mittelamerikas Denali 6190 m, USA
56%
Zweitgrößte Insel Europas Island 102.819 km²
56%
Längster Fluss Afrikas Nil 6650 km
56%
Drittlängster Fluss Asiens Ob 5410 km
52%
Zweitlängster Fluss Afrikas Kongo 4835 km
48%
Größter See Nord- und Mittelamerikas Oberer See 82.414 km²
48%
Größter See Afrikas Victoriasee 68.894 km²
48%
Zweitgrößter See Asiens Baikalsee 31.722 km²
44%
Größte Insel Ozeaniens Neuguinea 785.753 km²
44%
Zweitgrößter See Nord- und Mittelamerikas Huronsee 59.596 km²
40%
Drittgrößter See Nord- und Mittelamerikas MIchigansee 58.016 km²
40%
Drittlängster Fluss Nord- und Mittelamerikas Missouri 4130 km
40%
Größte Kältewüste Antarktis Antarktische Kältewüste 14.000.000 km²
36%
Längster Fluss Asiens Jangtsekiang 6380 km
36%
Zweitgrößte Wüste Afrikas Kalahari 1.000.000 km²
36%
Zweitgrößte Insel Afrikas Mauritius 1.873 km²
36%
Drittlängster Fluss Afrikas Niger 4183 km
36%
Zweitgrößte Insel Asiens Sumatra 443.066 km²
36%
Zweitgrößte Wüste Südamerikas Atacama Wüste 180.000 km²
32%
Größte Insel Asiens Borneo 743.330 km²
32%
Drittgrößte Insel Asiens Honshu 227.962 km²
32%
Höchster Berg Südamerikas Aconcagua 6961 m, Argentinien
28%
Größter See Südamerikas Titicacasee 8.372 km²
28%
Zweitgrößter See Europas Ladogasee 17.700 km²
24%
Zweitgrößte Insel Nord- und Mittelamerikas Baffin Island 507.451 km²
16%
Drittgrößter See Afrikas Malawisee 29.600 km²
16%
Größte Wüste Südamerikas Patagonische Wüste 673.000 km²
16%
Drittlängster Fluss Europas Ural 2428 km
16%
Zweitlängster Fluss Asiens Jenissei 5540 km
12%
Zweithöchster Berg Nord- und Mittelamerikas Mount Logan 5959 m, Kanada
12%
Längster Fluss Ozeaniens Murray River 3672 km
12%
Drittgrößte Insel Ozeaniens Neuseeland Nordinsel 113.729 km²
12%
Zweitgrößte Insel Ozeaniens Neuseeland Südinsel 151.215 km²
12%
Drittgrößter See Eurpas Onegasee 9.894 km²
12%
Zweitgrößter See Afrikas Tanganjikasee 32.893 km²
12%
Drittgrößter See Asiens Balchaschsee 15.996 km²
8%
Größter See Asiens | Größter See Europas Kaspische Meer 386.400 km²
8%
Höchster Berg Afrikas Kibo 5895 m, Tansania
8%
Höchster Berg Antarktis Mount Vinson 4892 m
8%
Zweitlängster Fluss Südamerikas Paraná 3998 km
8%
Drittgrößte Insel Nord- und MIttelamerikas Victoria Island 217.291 km²
8%
Zweitgrößte Wüste Nord- und Mittelamerikas Chihuahua-Wüste 647.500 km²
4%
Zweitlängster Fluss Ozeaniens Darling River 2833 km
4%
Größte Insel Südamerikas Feuerland 47.992 km²
4%
Zweitgrößte Wüste Ozeaniens Große Sandwüste 267.250 km²
4%
Größte Wüste Ozeaniens Große Victoriawüste 348.750 km²
4%
Zweitlängster Fluss Nord- und Mittelamerikas Mackenzie 4260 km
4%
Drittgrößte Wüste Nord- und Mittelamerikas Sonora-Wüste 320.000 km²
4%
Drittgrößte Wüste Asiens Taklamakan 400.000 km²
4%
Zweitgrößter See Antarktis 90-Grad-Ost-See 2.000 km²
0%
Größte Insel Antarktis Alexander-I.-Insel 49.070 km²
0%
Größte Wüste Europas Bardenas Reales 415 km²
0%
Zweithöchster Berg Afrikas Batian 5199 m, Kenia
0%
Drittgrößte Insel Antarktis Carney-Insel 8.500 km²
0%
Höchster Berg Ozeaniens Carstensz-Pyramide 4884 m, Indonesien
0%
Dritthöchster Berg Nord- und Mittelamerikas Citlaltépetl 5610 m, Mexiko
0%
Drittgrößte Wüste Afrikas Danakil-Somalia 487.066 km²
0%
Zweithöchster Berg Europas Dychtau 5204 m, Russland
0%
Zweitgrößte Inseln Südamerikas Isla Chiloé 8.394 km²
0%
Dritthöchster Berg Asiens Kangchendzönga 8586 m, Nepal / Indien
0%
Drittgrößter See Südamerikas Lago Argentino 1.466 km²
0%
Zweitgrößter See Südamerikas Lago Buenos Aires 1.850 km²
0%
Drittgrößter See Ozeaniens Lake Carnegie 5.714 km²
0%
Größter See Ozeaniens Lake Eyre 9.690 km²
0%
Dritthöchster Berg Afrikas Mawenzi 5148 m, Tansania
0%
Dritthöchster Berg Südamerikas Monte Pissis 6795 m, Argentinien
0%
Dritthöchster Berg Antarktis Mount Kirkpatrick 4528 m
0%
Zweithöchster Berg Antarktis Mount Tyree 4852 m
0%
Drittlängster Fluss Ozeaniens Murrumbidgee River 1579 km
0%
Dritthöchster Berg Ozeaniens Ngga Pulu 4862 m, Indonesien
0%
Zweithöchster Berg Südamerikas Ojos del Salado 6893 m, Argentinien / Chile
0%
Drittgrößte Wüste Europas Oleschky-Sande 161 km²
0%
Längster Fluss Antarktis Onyx River 32 km
0%
Drittgrößte Insel Südamerikas Ostfalkland 6.605 km²
0%
Drittlängster Fluss Südamerikas Rio Madeira 3380 km
0%
Zweitgrößte Wüste Asiens Rub al-Chali 680.000 km²
0%
Dritthöchster Berg Europas Schchara 5202 m, Georgien / Russland
0%
Drittgrößter See Antarktis Sowetskajasee 1.600 km²
0%
Zweithöchster Berg Ozeaniens Sumantri 4870 m, Indonesien
0%
Zweitgrößte Insel Antarktis Thurston-Insel 15.700 km²
0%
Drittgrößte Wüste Ozeaniens Tinamiwüste 184.500 km²
0%
Zweitgrößter See Ozeaniens Torrens-See 5.745 km²
0%
Drittgrößte Insel Afrikas Unguja 1.658 km²
0%
Größter See Antarktis Wostoksee 15.690 km²
0%
Zweitgrößte Wüste Europas Wüste von Tabernas 280 km²
0%
Keine übereinstimmenden Quizze gefunden
Verteilung der Resultate
Anzahl Personen mit jedem Resultat
Perzentil nach korrekt beantworteten Fragen
Ihre Resultats-Entwicklung
Sie haben dieses Quiz noch nicht gespielt